Sovetskaja torgovlja Ježemesjačnyj teoretičeskij i naučno-praktičeskij žurnal

Guardado en:
Detalles Bibliográficos
Formato: Seriadas
Lenguaje:ruso
Publicado: Moskva Ekonomika 1986
Etiquetas: Agregar Etiqueta
Sin Etiquetas, Sea el primero en etiquetar este registro!

MARC

LEADER 00000nas2a2200000 4500
001 s030905
005 20250730114141.2
041 0 |a rus 
044 |a RU 
245 1 0 |a Sovetskaja torgovlja  |b Ježemesjačnyj teoretičeskij i naučno-praktičeskij žurnal 
264 1 |a Moskva  |b Ekonomika  |c 1986 
300 |a 1 zv. 
773 0 |w eu_un_cat*s121072